Quizzes
Events
Quiz Creation
Community
Videos
Private Events
Remove Ads
Sign In
Join for FREE
Feedback
Dark Mode
Quiz Categories
Sports
Geography
Music
Movies
Television
Just For Fun
Miscellaneous
History
Literature
Language
Science
Gaming
Entertainment
Religion
Holiday
For Kids
Quiz Lab
Recent
Popular Today
Quiz Kudos Today
Editor Picks
Curator Picks
Quizzes by...
Day
Popularity
Type
Ratings
Length
Year
Community
Subscriptions
Recent Discussions
Orange Saloon
Badges
Playlists
Quests
Create
Leaderboards
Showdown
Live 5
Trivia Bingo
Activity
Puzzle Library
Sporcle Events
Private Events
Virtual Trivia
Globe League
Become a Host
Pub Owners
SporcleCon
Opinionation
Our Games
Videos
Blog
Mobile Apps
Partnerships
Remove Ads and Go Orange
Feedback
Music
Pop Music
The Beatles
Song
Album
Lyrics
Bands
Singers
Artist
Clip
Rock
Rap
Classical
Billboard
Country Music
Kpop
Taylor Swift
Music
Pop Music
The Beatles
Song
Album
Lyrics
Bands
Singers
Artist
Clip
Rock
Rap
Classical
Billboard
Country Music
Kpop
Taylor Swift
Random Quiz
Search Sporcle
×
Quiz Lab
Quiz Lab
Music
long
Type in answers that appear in a list
Type in answers that appear in a list
Classic
Best Score? Go Orange.
'As Long as You're Mine' Lyrics Stats
Can you name the lyrics to 'As Long As You're Mine' from Wicked?
By
sunnyskates8
6m
184 Questions
1,391 Plays
1,391 Plays
1,391 Plays
Comments
Comments
Give Quiz Kudos
Give Quiz Kudos
-
- Ratings
hide this ad
Replay
Link that replays current quiz
Next Quiz
Link to next quiz in quiz playlist
You Got
0%
They Got
Avg Score
86%
Avg Friend Score
Upgrade to see
Score Distribution
Jump to the score distribution portion of the page
Score
0/184
Timer
06:00
0
Plays Today
Answer
% Correct
ohh...
99.1%
you
98.8%
you
98.8%
you
98.8%
you
98.8%
I
98.6%
I
98.6%
I
98.6%
I
98.6%
I
98.6%
And
97.9%
And
97.9%
And
97.9%
And
97.9%
a
97.9%
And
97.9%
And
97.9%
the
97.9%
And
97.9%
the
97.9%
And
97.9%
your
97.7%
You're
97.4%
you're
97.4%
you're
97.4%
you're
97.4%
you're
97.4%
you're
97.4%
As
97.3%
as
97.3%
As
97.3%
as
97.3%
As
97.3%
as
97.3%
as
97.3%
As
97.3%
as
97.3%
As
97.3%
as
97.3%
long
97.1%
long
97.1%
long
97.1%
long
97.1%
long
97.1%
to
96.8%
mine
96.6%
mine
96.6%
mine
96.6%
mine
96.6%
mine
96.6%
me
96.3%
me
96.3%
me
96.3%
me
96.3%
me
96.3%
for
94.9%
for
94.9%
For
94.9%
for
94.9%
For
94.9%
be
94.6%
be
94.6%
Answer
% Correct
too
94.4%
too
94.4%
too
94.4%
Hold
93.2%
moment
92.8%
moment
92.8%
moment
92.8%
moment
92.8%
with
92.6%
With
92.6%
this
92.4%
this
92.4%
Kiss
92.4%
just
91.6%
Just
91.6%
just
91.6%
tight
91.2%
tonight
90.1%
it
89%
it
89%
it?
89%
My
88.9%
my
88.9%
no
88.8%
I'll
88.3%
I'll
88.3%
I'll
88.3%
fiercely
87.8%
make
86.8%
make
86.8%
time
86.5%
time,
86.5%
I'm
86.3%
I'm
86.3%
I'm
86.3%
need
86.3%
It's
86%
It's
86%
it's
86%
I've
85.9%
I've
85.9%
lost
85.8%
lost
85.8%
every
85.3%
Every
85.3%
up
84.9%
up
84.9%
up
84.9%
want
84.8%
see
84.7%
believing
84.2%
help
84.1%
not
83.7%
some
83.6%
may
83.2%
feel...
83.2%
last
83.1%
last
83.1%
all
82.9%
beside
82.7%
Maybe
81.9%
Maybe
81.9%
Answer
% Correct
wanting
81.1%
Could
81%
if
80.7%
brainless
79.9%
Through
79.6%
through
79.6%
But
79.4%
Under
79.4%
Lying
79.2%
spell
79.1%
we
79.1%
fast
79%
wildest
78.8%
over
78.6%
wise
78.3%
got
78.3%
you've
78.1%
eyes
78%
is
77.4%
is
77.4%
fallen
77.3%
different
77.1%
how
77.1%
how
77.1%
resistance
77%
seeing
76.8%
Somehow
76%
somehow
76%
body
75.5%
know
75.5%
know
75.5%
us
75%
dreamings
74.5%
out
74.5%
borderline
74.5%
don't
74.3%
there's
74.2%
crossed
73.8%
turns
73.6%
pair
73.4%
wake
73.1%
future
73%
What
72.9%
care
72.8%
Wicked
72.4%
first
72.2%
that
71.7%
shine
71.6%
feeling
71.1%
here
70.9%
Say
70.6%
bright
70.3%
foresee
69.4%
holding
66.2%
fell
66%
moonlight
65%
though
63.7%
until
60.4%
Borrow
49.6%
Come
49.5%
Quiz Playlist
Details
Report
Send in Message
Add To Playlist
Classic:
Type in answers that appear in a list
Quiz Source
Last Updated: Feb 16, 2017
Quiz Scoreboard
CHALLENGE
Sign Up to Join the Scoreboard
Show All
Scores
Hide
Comments
May contain spoilers
Recently Published
College Basketball Coaching Resumes
by pancakes188
Sports
9m
Billboard Blitz: Fleetwood Mac
by CooCooCachoo
Music
15s
Presidents Visiting Landmarks
by Hejman
History
7m
More to Explore
Quiz From the Vault
Featured Blog Post
Where Did the Easter Bunny Come From?
hide this ad
You Might Also Like...
Tags
long
mine
Wicked
Today's Top Quizzes in Music
Browse Music
hide this ad
Today's Top Quizzes in long
Browse long
Top Contributed Quizzes in Music
1
Taylor Swift All Songs (2024)
2
7-to-1: Billboard Hot 100 #1 Hits of 2010s
3
Guess the Artist- 70s Songs
4
Sorting Albums and Songs
5
Taylor Swift Logic Puzzle
6
KPOP LOGIC QUIZ
7
Guess the Taylor Swift song (Mystery Song)
8
2010s Album by Cover III
9
One Thing in Common: Music
10
Guess The Taylor Swift Lyrics Song #1
Explore More
Trending Topics
Marvel
Disney
Harry Potter
Anime
NBA
Crossword
Kpop
NFL
Puzzle
WWE
Soccer
Pokémon
Country
Song
The Office
hide this ad
More By:
sunnyskates8
Quiz
Plays
Rating
Category
Featured
Created
Types of Disasters
127,633
4.70
Science
Apr 19, 2014
TV Show by Flashback Photo
78,413
4.46
Television
Mar 21, 2014
'A' Television Characters
65,963
4.18
Television
Nov 5, 2013
'B' Television Characters
63,970
4.18
Television
Nov 6, 2013
'C' Television Characters
46,000
4.41
Television
Nov 9, 2013
Go to Creator's Profile
Score Distribution
Quiz Creator Spotlight
sunnyskates8
Follow
Send a Message
Quizzes Created
-
Created Quiz Play Count
-
More By This Creator
Popular Quizzes Today
1
Find the US States - No Outlines Minefield
2
Find the Countries of Europe - No Outlines Minefield
3
The Countries of the World
4
Find the US States
5
Risky Map Clicking: Biggest States A-Z
6
US States
7
Popular People in 1961
8
Movies - When Are They Set?
More Music Quizzes
Celebrities Sorta Named by Songs
Curator's Pick
Trending Quizzes
Risky Map Clicking: Least Populous States A-Z
1-10 Letter G Words
1-10 Letter F Words
Risky Map Clicking: Next State Alphabetically
Risky Map Clicking: Biggest States A-Z
Recently Updated
Leaping Animals
pecheneg
Reality TV Shows (A-Z)
bhenderson79
Rickey Henderson's Hall of Fame Teammates
pecheneg
Champions League XIs: Arsenal
pecheneg
Quick Pick: Celebrities in WWE's Hall of Fame
aduchscher
A-Z Keypad Blitz II
pecheneg
Multiple Oscar Actors
pecheneg
Mystery Phrase Blitz: Oscar 'Best Actors'
pecheneg
F. Scott Fitzgerald Novels
LTH
Pick 3 Villains
ddd62291
Trending Topics
Marvel
Harry Potter
Disney
Crossword
Kpop
NBA
Anime
The Office
Country
Soccer
Song
WWE
NFL
Pokémon
Puzzle
Your Account Isn't Verified!
In order to create a playlist on Sporcle, you need to verify the email address you used during registration. Go to your
Sporcle Settings
to finish the process.
Report this User
Report this user for behavior that violates our
Community Guidelines
.
Details:
Send Report
Go to the Sporcle.com Mobile Site →
Comments